000 00718nam a22002417a 4500
005 20250520125455.0
008 250520b |||||||| |||| 00| 0 eng d
020 _a978-1-292-35147-6 (pbk)
037 _cTB
040 _aBL
_cBL
041 _2eng
_aeng
084 _aX:72 R1
_qBL
100 _aBlanchard, Olivier
_9809079
245 _aMacroeconomics
250 _a8th Ed.
260 _aHarlow, UK:
_bPearson,
_c2021.
300 _a539p.
365 _b5763.00
_cINR
650 _aEconomics
650 _aMacroeconomics
_9809080
942 _2CC
_cTB
_e8th Ed.
_hX:72 R1
_n0
999 _c1428884
_d1428884